00836nam a2200169 a 450000100100000000500170001000800410002704000250006810000360009324500770012926000690020630000200027504900090029595201640030495201810046899900170064900003297120200930065939.0110804s19uu dr 000 0 spa d aDO-SdBNPbspacBNPHU1 aGarcía Alardo, Hernani95871010aChopin :bestudio biográfico-apologético /cHernani García Alardo. cCiudad Trujillo, República Dominicana :bPol Hermano,c[194?]. a53 p. ;c21 cm. aBNPD 0010718PDaPDbPDcCTd2011-08-04iLF1l0o p32971-10r2020-06-25w2020-06-25yLFPDzPerteneció a la biblioteca personal de Martínez Boog.ZNo se presta 0010718PDaPDbPDcCTd2011-08-04iLF1l0o p32971-20r2020-06-25te. 2w2020-06-25yLFPDzPerteneció a la biblioteca personal de Carlos Larrazábal Blanco.ZNo se presta c32462d32462